书目信息 |
| 题名: |
为什么她们不会老
|
|
| 作者: | 吴香达 著 | |
| 分册: | ||
| 出版信息: | 成都 四川大学出版社 2020.03 |
|
| 页数: | 86页 | |
| 开本: | 23cm | |
| 丛书名: | ||
| 单 册: | ||
| 中图分类: | R977.1 | |
| 科图分类: | ||
| 主题词: | 雌激素--ci ji su--临床应用 | |
| 电子资源: | ||
| ISBN: | 978-7-5690-2657-3 | |
| 000 | 01115nam0 2200265 450 | |
| 001 | 0100016279 | |
| 005 | 20200929160439.0 | |
| 010 | @a978-7-5690-2657-3@dCNY46.00 | |
| 100 | @a20200819d2020 em y0chiy50 ea | |
| 101 | 0 | @achi |
| 102 | @aCN@b510000 | |
| 105 | @aa a 000yy | |
| 106 | @ar | |
| 200 | 1 | @a为什么她们不会老@Awei shen me ta men bu hui lao@e荷尔蒙的震荡@f吴香达著 |
| 210 | @a成都@c四川大学出版社@d2020.03 | |
| 215 | @a86页@c图@d23cm | |
| 314 | @a吴香达, 医师, 专长妇女癌症、阴道镜检查、试管婴儿不孕症。高雄医学院医学士, 美国约翰霍普金斯医学院进修, 哈佛大学医学院进修。 | |
| 320 | @a有书目 | |
| 330 | @a本书通过讨论荷尔蒙 (雌激素) 对女性生理及病理的影响, 结合研究文献, 对女性是否可以适当使用雌激素进行探讨, 并得出结论。一方面, 本书阐述了雌激素在女性高发肿瘤及癌症治疗中的辅助作用, 描述了雌激素的临床适应证 ; 另一方面, 也对雌激素是否应该大量用于临床进行了探讨。 | |
| 517 | 1 | @a荷尔蒙的震荡@Ahe er meng de zhen dang |
| 606 | 0 | @a雌激素@Aci ji su@x临床应用 |
| 690 | @aR977.1@v5 | |
| 701 | 0 | @a吴香达@Awu xiang da@4著 |
| 801 | 0 | @aCN@c20200819 |
| 905 | @a河南城建学院图书馆@dR977.1@f2@eW890 | |
| 为什么她们不会老:荷尔蒙的震荡/吴香达著.-成都:四川大学出版社,2020.03 |
| 86页:图;23cm |
| ISBN 978-7-5690-2657-3:CNY46.00 |
| 本书通过讨论荷尔蒙 (雌激素) 对女性生理及病理的影响, 结合研究文献, 对女性是否可以适当使用雌激素进行探讨, 并得出结论。一方面, 本书阐述了雌激素在女性高发肿瘤及癌症治疗中的辅助作用, 描述了雌激素的临床适应证 ; 另一方面, 也对雌激素是否应该大量用于临床进行了探讨。 |
| ● |
| 相关链接 |
|
|
|
正题名:为什么她们不会老
索取号:R977.1/W890
 
预约/预借
| 序号 | 登录号 | 条形码 | 馆藏地/架位号 | 状态 | 备注 |
| 1 | 1493357 | 214933571 | 自科库401/401自科库 23排3列1层/ [索取号:R977.1/W890] | 在馆 | |
| 2 | 1493358 | 214933580 | 自科库401/401自科库 23排3列1层/ [索取号:R977.1/W890] | 在馆 |